[Event "Phillips & Drew Knights"]
[Site "London"]
[Date "1980.04.24"]
[Round "14"]
[White "Plaskett, H James"]
[Black "Silva, Marco A"]
[Result "0-1"]
[WhiteElo "2405"]
[BlackElo "2290"]
[PlyCount "80"]
[EventDate "1980.04.11"]
[EventType "tourn"]
[EventRounds "15"]
[EventCountry "ENG"]
[EventCategory "5"]
[SourceTitle "Britbase"]

1. d4 Nf6 2. c4 g6 3. Nc3 d5 4. Nf3 Bg7 5. Bg5 Ne4 6. cxd5 Nxg5 7. Nxg5 e6 8.
Nf3 exd5 9. e3 O-O 10. Be2 c6 11. O-O Re8 12. b4 b6 13. Qb3 Bb7 14. Rfd1 Nd7
15. Rac1 a5 16. b5 c5 17. Nxd5 cxd4 18. Nf4 dxe3 19. Bc4 Bxf3 20. Bxf7+ Kh8 21.
gxf3 Qg5+ 22. Ng2 exf2+ 23. Kxf2 Re2+ 24. Kxe2 Qxg2+ 25. Ke3 Ne5 26. Qd5 Rf8
27. Rd2 Bh6+ 28. Ke4 Qxf3+ 29. Kxe5 Bg7+ 30. Kd6 Qa3+ 31. Kc7 Qxc1+ 32. Kb7 Bf6
33. Be6 Qe1 34. Rd3 a4 35. Qd6 Rd8 36. Bd7 Be5 37. Qe7 Rb8+ 38. Kc6 Qe4+ 39.
Rd5 Qc4+ 40. Rc5 Qxc5+ 0-1

[Event "Phillips & Drew Knights"]
[Site "London"]
[Date "1980.04.24"]
[Round "14"]
[White "Povah, Nigel"]
[Black "Goodman, David SC"]
[Result "1-0"]
[WhiteElo "2385"]
[BlackElo "2375"]
[PlyCount "70"]
[EventDate "1980.04.11"]
[EventType "tourn"]
[EventRounds "15"]
[EventCountry "ENG"]
[EventCategory "5"]
[SourceTitle "Britbase"]

1. e4 g6 2. d4 d6 3. Nc3 Bg7 4. f4 Nc6 5. Be3 Nf6 6. Be2 O-O 7. Nf3 a6 8. e5
Ng4 9. Bg1 b5 10. Ng5 Nh6 11. Bf3 Bd7 12. Qe2 Qc8 13. O-O-O f6 14. e6 fxg5 15.
exd7 Qxd7 16. Bd5+ Kh8 17. Qe4 Nxd4 18. fxg5 c6 19. gxh6 Bxh6+ 20. Kb1 e5 21.
Bxd4 cxd5 22. Nxd5 Qc6 23. Be3 Bxe3 24. Qxe3 Rf7 25. Qb6 Qxb6 26. Nxb6 Raf8 27.
Rxd6 Rf2 28. Nd7 R8f5 29. b3 Rxg2 30. Rxa6 Rff2 31. Rc6 e4 32. Re1 Rxh2 33.
Rxe4 Kg7 34. Ne5 Rf1+ 35. Kb2 h5 {time} 1-0

[Event "Phillips & Drew Knights"]
[Site "London"]
[Date "1980.04.24"]
[Round "14"]
[White "Large, Peter G"]
[Black "Britton, Richard"]
[Result "1-0"]
[WhiteElo "2310"]
[BlackElo "2330"]
[PlyCount "81"]
[EventDate "1980.04.11"]
[EventType "tourn"]
[EventRounds "15"]
[EventCountry "ENG"]
[EventCategory "5"]
[SourceTitle "Britbase"]

1. e4 c5 2. Nf3 d6 3. d4 cxd4 4. Nxd4 Nf6 5. Nc3 a6 6. a4 e5 7. Nf3 Be7 8. Bc4
O-O 9. O-O Nc6 10. Re1 Bg4 11. Be3 Rc8 12. Nd5 Nxd5 13. Bxd5 Nb4 14. Bxb7 Rxc2
15. b3 Rc3 16. Bd2 Bxf3 17. gxf3 Rc7 18. Bxb4 Rxb7 19. Ba3 Rd7 20. Qd5 Bh4 21.
Rac1 Qg5+ 22. Kf1 Qf4 23. Kg2 g5 24. h3 h5 25. Rh1 Kh7 26. Rc3 Rg8 27. Kf1 Qf6
28. Ke2 a5 29. Bc1 Qg6 30. Be3 Rf8 31. Rhc1 g4 32. hxg4 hxg4 33. Bb6 g3 34. Rh1
Qg5 35. Qd2 Kg6 36. Qxg5+ Bxg5 37. fxg3 d5 38. exd5 Rxd5 39. Rd1 Rxd1 40. Kxd1
Bd8 41. Rc8 1-0

[Event "Phillips & Drew Knights"]
[Site "London"]
[Date "1980.04.24"]
[Round "14"]
[White "Wicker, Kevin J"]
[Black "King, Daniel J"]
[Result "1-0"]
[WhiteElo "2340"]
[BlackElo "2330"]
[PlyCount "61"]
[EventDate "1980.04.11"]
[EventType "tourn"]
[EventRounds "15"]
[EventCountry "ENG"]
[EventCategory "5"]
[SourceTitle "Britbase"]

1. d4 Nf6 2. Bg5 c5 3. Bxf6 gxf6 4. d5 Qb6 5. Qc1 f5 6. g3 Bg7 7. c3 Qf6 8. Bg2
d6 9. e3 Nd7 10. Ne2 h5 11. h4 b5 12. Nf4 Ne5 13. O-O Rb8 14. Nd2 Bd7 15. Rb1
Ng4 16. Re1 b4 17. cxb4 Rxb4 18. a3 Rb8 19. Nc4 Qh6 20. Qd2 O-O 21. Rec1 Rb5
22. b4 Rfb8 23. Na5 Be5 24. Nc6 Bxc6 25. dxc6 Bxf4 26. exf4 Qf8 27. Qd3 Qc8 28.
bxc5 Rxb1 29. Rxb1 Rxb1+ 30. Qxb1 dxc5 31. Qc2 1-0

[Event "Phillips & Drew Knights"]
[Site "London"]
[Date "1980.04.24"]
[Round "14"]
[White "Kaiszauri, Konstanty"]
[Black "Van der Sterren, Paul"]
[Result "0-1"]
[WhiteElo "2365"]
[BlackElo "2410"]
[PlyCount "100"]
[EventDate "1980.04.11"]
[EventType "tourn"]
[EventRounds "15"]
[EventCountry "ENG"]
[EventCategory "5"]
[SourceTitle "Britbase"]

1. c4 e5 2. Nc3 d6 3. g3 g6 4. Bg2 Bg7 5. Rb1 Nf6 6. Nf3 O-O 7. O-O Re8 8. d3
c6 9. b4 d5 10. cxd5 cxd5 11. d4 e4 12. Ne5 Bf5 13. Bg5 h6 14. Bxf6 Bxf6 15.
Qb3 Bxe5 16. dxe5 Rxe5 17. Rbd1 d4 18. Qc4 Nc6 19. b5 Be6 20. Qa4 Qb6 21. bxc6
dxc3 22. Bxe4 bxc6 23. Rc1 Rd8 24. e3 Rc5 25. Qa3 Rc4 26. Bc2 Qc5 27. Qxc5 Rxc5
28. Rfd1 Rd2 29. a3 Bg4 30. Re1 Bf3 31. h3 Rb5 32. e4 Be2 33. Rxe2 Rxe2 34. Bd3
c2 35. Bxb5 cxb5 36. Kf1 Rd2 37. Ke1 Rd3 38. a4 Rd1+ 39. Rxd1 cxd1=Q+ 40. Kxd1
bxa4 41. Kc2 Kf8 42. Kc3 Ke7 43. Kb4 Kd6 44. f4 a3 45. Kxa3 Kc5 46. h4 Kd4 47.
e5 Ke4 48. Kb4 h5 49. Kc5 Kf3 50. Kd6 Kxg3 0-1

[Event "Phillips & Drew Knights"]
[Site "London"]
[Date "1980.04.25"]
[Round "15"]
[White "King, Daniel J"]
[Black "Kaiszauri, Konstanty"]
[Result "1-0"]
[WhiteElo "2330"]
[BlackElo "2365"]
[PlyCount "47"]
[EventDate "1980.04.11"]
[EventType "tourn"]
[EventRounds "15"]
[EventCountry "ENG"]
[EventCategory "5"]
[SourceTitle "Britbase"]

1. e4 d6 2. d4 Nf6 3. Nc3 g6 4. Bc4 Nc6 5. f4 Bg4 6. Nf3 e5 7. dxe5 dxe5 8.
Qxd8+ Rxd8 9. Nxe5 Nxe5 10. fxe5 Nd7 11. Nd5 Bg7 12. Nxc7+ Kf8 13. e6 Ne5 14.
O-O Nxc4 15. Rxf7+ Kg8 16. Bg5 Rc8 17. Raf1 Nd6 18. Rd7 Nxe4 19. Rxg7+ Kxg7 20.
Rf7+ Kg8 21. Bh6 Bxe6 22. Rg7+ Kf8 23. Rd7+ Kg8 24. Nxe6 1-0

[Event "Phillips & Drew Knights"]
[Site "London"]
[Date "1980.04.25"]
[Round "15"]
[White "Britton, Richard"]
[Black "Wicker, Kevin J"]
[Result "1-0"]
[WhiteElo "2330"]
[BlackElo "2340"]
[PlyCount "67"]
[EventDate "1980.04.11"]
[EventType "tourn"]
[EventRounds "15"]
[EventCountry "ENG"]
[EventCategory "5"]
[SourceTitle "Britbase"]

1. e4 e6 2. d4 d5 3. Nc3 Bb4 4. e5 b6 5. a3 Bf8 6. Nce2 Ba6 7. h4 Qd7 8. h5 f6
9. Nf3 Nc6 10. Bf4 fxe5 11. dxe5 O-O-O 12. c3 Nh6 13. g3 Be7 14. Bh3 Rde8 15.
Qc2 Nf7 16. O-O-O Ncd8 17. Be3 c6 18. Nf4 Kb7 19. c4 Qc7 20. Nxe6 Nxe6 21. Bxe6
Nd8 22. cxd5 Nxe6 23. dxe6 Rd8 24. Nd4 Rd5 25. Nf3 Rhd8 26. Rxd5 Rxd5 27. Rd1
Qd8 28. Rd4 Bc5 29. Rxd5 Bxe3+ 30. fxe3 cxd5 31. Nd4 Qc8 32. e7 Qe8 33. Qc6+
Qxc6+ 34. Nxc6 1-0

[Event "Phillips & Drew Knights"]
[Site "London"]
[Date "1980.04.25"]
[Round "15"]
[White "Goodman, David SC"]
[Black "Large, Peter G"]
[Result "1-0"]
[WhiteElo "2375"]
[BlackElo "2310"]
[PlyCount "87"]
[EventDate "1980.04.11"]
[EventType "tourn"]
[EventRounds "15"]
[EventCountry "ENG"]
[EventCategory "5"]
[SourceTitle "Britbase"]

1. d4 Nf6 2. c4 e6 3. Nf3 d5 4. Nc3 Be7 5. Bg5 O-O 6. cxd5 Nxd5 7. Bxe7 Qxe7 8.
e3 b6 9. Nxd5 exd5 10. Be2 Be6 11. O-O c5 12. Ne5 Rc8 13. Rc1 Nd7 14. Nxd7 Qxd7
15. b3 a5 16. a4 Ra7 17. Bb5 Qe7 18. Qd2 Rac7 19. Ba6 Ra8 20. Bb5 h6 21. h3
Rac8 22. Ba6 Rd8 23. Rfd1 c4 24. bxc4 dxc4 25. e4 Rd6 26. Qf4 f6 27. Qg3 Kh8
28. f4 f5 29. e5 Rd8 30. Bb5 Qb4 31. Rc3 Bd5 32. Qe3 Be4 33. Kh2 Kh7 34. Rd2
Bd5 35. Rdc2 Rdc8 36. Rc1 Re7 37. Qe2 Rcc7 38. Qc2 Be4 39. Qa2 Re6 40. Rxc4
Rxc4 41. Rxc4 Qe1 42. Rc8 Qe3 43. Qxe6 Qxf4+ 44. Kh1 1-0

[Event "Phillips & Drew Knights"]
[Site "London"]
[Date "1980.04.25"]
[Round "15"]
[White "Silva, Marco A"]
[Black "Povah, Nigel"]
[Result "1/2-1/2"]
[WhiteElo "2290"]
[BlackElo "2385"]
[PlyCount "39"]
[EventDate "1980.04.11"]
[EventType "tourn"]
[EventRounds "15"]
[EventCountry "ENG"]
[EventCategory "5"]
[SourceTitle "Britbase"]

1. e4 c5 2. Nf3 e6 3. d4 cxd4 4. Nxd4 Nf6 5. Nc3 Nc6 6. g3 d5 7. exd5 Nxd5 8.
Nxc6 bxc6 9. Ne4 Bb7 10. Qe2 Nb4 11. a3 Qa5 12. c3 Ba6 13. cxb4 Bxe2 14. bxa5
Bf3 15. Rg1 Bxe4 16. Be3 Bd6 17. Bg2 Bd5 18. f4 Ke7 19. Rc1 Rhb8 20. b4 1/2-1/2

[Event "Phillips & Drew Knights"]
[Site "London"]
[Date "1980.04.25"]
[Round "15"]
[White "Crouch, Colin S"]
[Black "Plaskett, H James"]
[Result "1/2-1/2"]
[WhiteElo "2330"]
[BlackElo "2405"]
[PlyCount "44"]
[EventDate "1980.04.11"]
[EventType "tourn"]
[EventRounds "15"]
[EventCountry "ENG"]
[EventCategory "5"]
[SourceTitle "Britbase"]

1. e4 c5 2. c3 Nf6 3. e5 Nd5 4. d4 Nc6 5. Nf3 cxd4 6. cxd4 d6 7. Bc4 Nb6 8. Bb5
dxe5 9. Nxe5 Bd7 10. Bxc6 Bxc6 11. Nxc6 bxc6 12. O-O g6 13. Re1 Bg7 14. Bg5 O-O
15. Bxe7 Qxd4 16. Nc3 Qxd1 17. Raxd1 Rfe8 18. Bc5 Nc4 19. Rxe8+ Rxe8 20. Na4
Nxb2 21. Nxb2 Bxb2 22. Bxa7 Ra8 1/2-1/2

[Event "Phillips & Drew Knights"]
[Site "London"]
[Date "1980.04.25"]
[Round "15"]
[White "Friedgood, David"]
[Black "Flear, Glenn C"]
[Result "1-0"]
[WhiteElo "2335"]
[BlackElo "2320"]
[PlyCount "89"]
[EventDate "1980.04.11"]
[EventType "tourn"]
[EventRounds "15"]
[EventCountry "ENG"]
[EventCategory "5"]
[SourceTitle "Britbase"]

1. c4 e6 2. Nf3 Nf6 3. g3 d5 4. b3 Be7 5. Bg2 O-O 6. Bb2 c5 7. O-O Nc6 8. e3 b6
9. Qe2 Bb7 10. Nc3 Rc8 11. Rfd1 d4 12. exd4 cxd4 13. Nb5 d3 14. Qf1 a6 15. Nc3
Rc7 16. Na4 Rd7 17. Ne5 Nxe5 18. Bxe5 Ng4 19. Bxb7 Rxb7 20. Qg2 Qd7 21. Bb2 b5
22. cxb5 axb5 23. Nc3 f5 24. h3 Nf6 25. Re1 b4 26. Na4 Ne4 27. Kh2 Rc8 28. f3
Nc5 29. Nxc5 Rxc5 30. Rac1 Rbc7 31. Rxc5 Rxc5 32. Rc1 Rxc1 33. Bxc1 Bf6 34. Qf1
Qa7 35. Kg2 Qc5 36. Qxd3 Qxc1 37. Qd7 g6 38. Qxe6+ Kg7 39. Qd7+ Kh6 40. Qd6 Qb2
41. Qf8+ Kh5 42. Qxb4 Qxa2 43. g4+ fxg4 44. hxg4+ Kg5 45. Kg3 1-0